000 00538nam a2200181 a 4500
001 000029385
005 20200930055519.0
008 110415s2010 dr a 000 0 spa d
020 _a9782950948823
040 _aDO-SdBNP
_bspa
_cBNPHU
041 1 7 _afre.
_2spa
245 0 0 _aEntre mythes et réalités : /
_ctraducción Léandre Saint-Pierre.
260 _a[Santo Domingo] :
_bCentenario,
_c2010.
300 _a79 p. :
_bil. ;
_c23 cm.
504 _aBibliografía p: 80
700 1 _aSaint-Pierre, Léandre
_etrad.
_956264
049 _aBNPD
999 _c28877
_d28877